[Event "Politiken Cup 09th "]
[Site "Copenhagen"]
[Date "1987.??.??"]
[Round "3"]
[White "Nielsen, Jorgen Grotum"]
[Black "Wicker, Kevin J"]
[Result "1-0"]
[WhiteElo "2245"]
[BlackElo "2295"]
[PlyCount "61"]
[EventDate "1987.06.??"]
[EventType "swiss"]
[EventRounds "10"]
[EventCountry "DEN"]
[SourceTitle "EXT 1997"]
[Source "ChessBase"]
[SourceDate "1996.11.15"]
[SourceVersion "1"]
[SourceVersionDate "1996.11.15"]
[SourceQuality "1"]

1. c4 e5 2. Nf3 e4 3. Nd4 Nc6 4. Nxc6 dxc6 5. Nc3 Bf5 6. d3 exd3 7. e4 Bg6 8. Bxd3 Bb4 9. 0-0 Bxc3 10. bxc3 Qe7 11. Qa4 Nf6 12. Ba3 Qd7 13. Rad1 c5 14. Bc2 Qxa4 15. Bxa4+ c6 16. Bxc5 Nd7 17. Bd4 f6 18. Rfe1 0-0 19. Rb1 Rfb8 20. f4 Bf7 21. e5 fxe5 22. fxe5 Bxc4 23. e6 Nb6 24. Bb3 Bxb3 25. axb3 Nd5 26. Rf1 Re8 27. Rf7 Re7 28. c4 Rxf7 29. exf7+ Kxf7 30. cxd5 cxd5 31. Rc1 1-0

[Event "Politiken Cup 09th "]
[Site "Copenhagen"]
[Date "1987.??.??"]
[Round "7"]
[White "Wicker, Kevin J"]
[Black "Knudsen, John"]
[Result "1/2-1/2"]
[WhiteElo "2295"]
[BlackElo "2215"]
[PlyCount "126"]
[EventDate "1987.06.??"]
[EventType "swiss"]
[EventRounds "10"]
[EventCountry "DEN"]
[SourceTitle "EXT 1997"]
[Source "ChessBase"]
[SourceDate "1996.11.15"]
[SourceVersion "1"]
[SourceVersionDate "1996.11.15"]
[SourceQuality "1"]

1. d4 f5 2. g3 Nf6 3. Bg2 d5 4. Nd2 Nc6 5. Ndf3 e6 6. Nh3 Bd7 7. Nf4 Bd6 8. Nd3 Qe7 9. Bf4 Bxf4 10. gxf4 0-0-0 11. e3 Ne4 12. Nfe5 Nxe5 13. Bxe4 dxe4 14. Nxe5 Be8 15. c3 g5 16. fxg5 Qxg5 17. Qb3 Bh5 18. Kd2 Qf6 19. Kc2 f4 20. Rae1 Rhg8 21. exf4 Qf5 22. Re3 Rg2 23. Qa3 Rd6 24. Kb1 Qxf4 25. Nc4 Ra6 26. Qc5 Qxf2 27. Qxh5 Qc2+ 28. Ka1 Qa4 29. a3 b5 30. Re2 Rxe2 31. Qxe2 bxc4 32. Rg1 Qb3 33. Rg8+ Kd7 34. Rg7+ Kd6 35. h4 Ra5 36. Rxh7 Rf5 37. Qh2+ e5 38. dxe5+ Kc6 39. Qe2 Rxe5 40. Qd2 Kb7 41. Qd7 Qb6 42. Rh8 Qd6 43. Qc8+ Kb6 44. Qb8+ Ka6 45. Rd8 Qb6 46. Qc8+ Ka5 47. Qg4 Qc6 48. Rd4 Qe6 49. Qe2 Kb5 50. a4+ Kc5 51. b4+ Kb6 52. Rxc4 e3 53. Re4 c5 54. bxc5+ Kb7 55. Rb4+ Kc7 56. Qg2 e2 57. Qb7+ Kd8 58. Qb8+ Ke7 59. Rb7+ Kf6 60. Qf8+ Kg6 61. Rg7+ Kh5 62. Rh7+ Kg4 63. Rg7+ Kh5 1/2-1/2

[Event "Politiken Cup 09th "]
[Site "Copenhagen"]
[Date "1987.??.??"]
[Round "4"]
[White "Wicker, Kevin J"]
[Black "Rewitz, Poul"]
[Result "1-0"]
[WhiteElo "2295"]
[BlackElo "2250"]
[PlyCount "59"]
[EventDate "1987.06.??"]
[EventType "swiss"]
[EventRounds "10"]
[EventCountry "DEN"]
[SourceTitle "EXT 1997"]
[Source "ChessBase"]
[SourceDate "1996.11.15"]
[SourceVersion "1"]
[SourceVersionDate "1996.11.15"]
[SourceQuality "1"]

1. d4 g6 2. c4 Bg7 3. Nc3 d6 4. e4 Nc6 5. d5 Nd4 6. Be3 e5 7. Nge2 Bg4 8. Qd2 Bxe2 9. Nxe2 Qh4 10. Nxd4 exd4 11. Bf4 Be5 12. g3 Bxf4 13. gxf4 Nf6 14. 0-0-0 0-0 15. f3 c5 16. dxc6 bxc6 17. e5 dxe5 18. fxe5 Nh5 19. Rg1 c5 20. Rg4 Qe7 21. f4 Rab8 22. Bd3 Rb4 23. Rdg1 Rfb8 24. b3 R8b6 25. f5 Qxe5 26. Re1 Qb8 27. Qh6 Kh8 28. fxg6 fxg6 29. Bxg6 Nf6 30. Re8+ 1-0

[Event "BCF-ch"]
[Site "Southampton"]
[Date "1986.??.??"]
[Round "10"]
[White "Wicker, Kevin J"]
[Black "Le Blancq, Simon"]
[Result "1-0"]
[WhiteElo "2305"]
[BlackElo "2270"]
[PlyCount "67"]
[EventDate "1986.07.28"]
[EventType "swiss"]
[EventRounds "11"]
[EventCountry "ENG"]
[SourceTitle "EXT 1999"]
[Source "ChessBase"]
[SourceDate "1998.11.16"]
[SourceVersion "1"]
[SourceVersionDate "1998.11.16"]
[SourceQuality "1"]

1. e4 c5 2. Nf3 d6 3. Bb5+ Bd7 4. c4 Nc6 5. 0-0 g6 6. Nc3 Bg7 7. d3 e6 8. Bxc6 Bxc6 9. d4 cxd4 10. Nxd4 Nf6 11. Nxc6 bxc6 12. Bf4 e5 13. Bg5 0-0 14. Qd2 Qc7 15. Rfd1 Ne8 16. c5 dxc5 17. Na4 Bf6 18. Nxc5 Rd8 19. Qxd8 Bxd8 20. Bxd8 Qc8 21. Be7 Ng7 22. Nd7 Ne6 23. Nxf8 Nd4 24. Bc5 Qg4 25. Kh1 h5 26. f3 Qc8 27. f4 Qg4 28. fxe5 Ne2 29. Nd7 Qh4 30. Nf6+ Kg7 31. Rd8 Ng3+ 32. Kg1 Ne2+ 33. Kf1 Qxh2 34. Bf8+ 1-0

[Event "Lloyds Bank op 07th"]
[Site "London"]
[Date "1983.08.26"]
[Round "3"]
[White "Wicker, Kevin J"]
[Black "Matanovic, Aleksandar"]
[Result "1/2-1/2"]
[WhiteElo "2280"]
[BlackElo "2485"]
[PlyCount "89"]
[EventDate "1983.08.24"]
[EventType "swiss"]
[EventRounds "9"]
[EventCountry "ENG"]
[SourceTitle "EXT 2000"]
[Source "ChessBase"]
[SourceDate "1999.11.16"]
[SourceVersion "1"]
[SourceVersionDate "1999.11.16"]
[SourceQuality "1"]

1. d4 Nf6 2. c4 e6 3. Nc3 Bb4 4. e3 b6 5. Nge2 Ba6 6. Qa4 c5 7. dxc5 Bxc5 8. Nf4 0-0 9. Be2 Qc8 10. Bd2 Bd6 11. Rc1 Bb7 12. f3 Nc6 13. 0-0 Qb8 14. g3 Rd8 15. Nb5 Be7 16. Nd3 a6 17. Nd4 b5 18. Nxc6 Bxc6 19. Qa5 bxc4 20. Rxc4 Bb5 21. Rc2 Nd5 22. e4 Bxd3 23. Bxd3 Bb4 24. Qa4 Bxd2 25. Rxd2 Qb6+ 26. Rff2 Nb4 27. Kg2 d5 28. a3 Nxd3 29. Rxd3 d4 30. e5 Rd5 31. Rfd2 Rad8 32. f4 f6 33. exf6 gxf6 34. Qd1 e5 35. Qg4+ Kh8 36. Qf5 Rb5 37. fxe5 fxe5 38. Qe4 Rf8 39. Rf3 Rxf3 40. Qxf3 Kg7 41. Qg4+ Qg6 42. Qd7+ Qf7 43. Qg4+ Qg6 44. Qd7+ Qf7 45. Qg4+ 1/2-1/2

[Event "Esbjerg North Sea Cup-07 Group 2"]
[Site "Esbjerg"]
[Date "1982.07.??"]
[Round "9"]
[White "Flear, Glenn C"]
[Black "Wicker, Kevin J"]
[Result "1-0"]
[WhiteElo "2390"]
[BlackElo "2275"]
[PlyCount "71"]
[EventDate "1982.07.??"]
[EventType "tourn"]
[EventRounds "11"]
[EventCountry "DEN"]
[SourceTitle "EXT 1999"]
[Source "ChessBase"]
[SourceDate "1998.11.16"]
[SourceVersion "1"]
[SourceVersionDate "1998.11.16"]
[SourceQuality "1"]

1. d4 e6 2. c4 Bb4+ 3. Nd2 b6 4. Ngf3 Nf6 5. g3 0-0 6. Bg2 Re8 7. 0-0 Bb7 8. Qc2 Bf8 9. e4 g6 10. e5 Nh5 11. g4 Nf4 12. Ne4 Nxg2 13. Nf6+ Qxf6 14. exf6 Bxf3 15. Qb3 Nh4 16. Bg5 Nc6 17. Rfd1 Bxg4 18. Bxh4 Bxd1 19. Rxd1 e5 20. dxe5 Nxe5 21. Bg3 d6 22. Kg2 Nd7 23. Qf3 Rac8 24. b3 a5 25. Bh4 Nc5 26. Bg5 Ne4 27. Bc1 Re6 28. Bb2 Rce8 29. Bd4 h5 30. h4 Bh6 31. Ba1 Nd2 32. Qc6 Re4 33. Bc3 Nxc4 34. bxc4 Rg4+ 35. Kf1 Re6 36. Re1 1-0

[Event "Copenhagen Open-04 (Politiken Cup-03)"]
[Site "Copenhagen"]
[Date "1982.06.??"]
[Round "8"]
[White "Fries Nielsen, Jens Ove"]
[Black "Wicker, Kevin J"]
[Result "0-1"]
[WhiteElo "2355"]
[BlackElo "2275"]
[PlyCount "78"]
[EventDate "1982.06.??"]
[EventType "swiss"]
[EventRounds "10"]
[EventCountry "DEN"]
[SourceTitle "EXT 2000"]
[Source "ChessBase"]
[SourceDate "1999.11.16"]
[SourceVersion "1"]
[SourceVersionDate "1999.11.16"]
[SourceQuality "1"]

1. Nf3 Nf6 2. d4 g6 3. c4 Bg7 4. g3 c5 5. d5 d6 6. Nc3 0-0 7. Bg2 e5 8. 0-0 Ne8 9. e4 Na6 10. Ne1 Nac7 11. Nd3 Bd7 12. a4 h5 13. f4 b6 14. Bd2 a6 15. fxe5 dxe5 16. a5 b5 17. Nxc5 bxc4 18. Nxd7 Qxd7 19. Na4 Qb5 20. Nb6 Rd8 21. Qc2 Nd6 22. Kh1 Na8 23. Be3 Nxb6 24. axb6 f5 25. exf5 Nxf5 26. Bg1 Rd6 27. Qa4 Nd4 28. Rxf8+ Bxf8 29. Qxa6 Rxb6 30. Qxb5 Rxb5 31. Ra2 Nf5 32. Bf1 Nd6 33. Bg2 e4 34. Be3 Rxd5 35. Ra1 Bg7 36. Bh3 Rd3 37. Be6+ Kh7 38. Bg5 e3 39. Ra8 Bxb2 0-1

[Event "Copenhagen Open-04 (Politiken Cup-03)"]
[Site "Copenhagen"]
[Date "1982.06.??"]
[Round "4"]
[White "Moe, Mogens"]
[Black "Wicker, Kevin J"]
[Result "1-0"]
[WhiteElo "2365"]
[BlackElo "2275"]
[PlyCount "73"]
[EventDate "1982.06.??"]
[EventType "swiss"]
[EventRounds "10"]
[EventCountry "DEN"]
[SourceTitle "EXT 2000"]
[Source "ChessBase"]
[SourceDate "1999.11.16"]
[SourceVersion "1"]
[SourceVersionDate "1999.11.16"]
[SourceQuality "1"]

1. e4 e6 2. d4 d5 3. Nc3 Bb4 4. e5 b6 5. Qg4 Bf8 6. Be3 Qd7 7. 0-0-0 Nc6 8. f4 Bb7 9. Qh3 0-0-0 10. g4 Bb4 11. Nb1 f5 12. gxf5 exf5 13. Nf3 Nh6 14. a3 Be7 15. Qg3 Rdg8 16. Ng5 Bxg5 17. fxg5 Nf7 18. g6 Nfd8 19. gxh7 Rxh7 20. h4 g6 21. Nd2 Ne6 22. Nf3 Ncd8 23. Bd3 Rh5 24. Bg5 Nxg5 25. Nxg5 Ne6 26. Nxe6 Qxe6 27. Rdg1 Bc6 28. Be2 Rh6 29. Qg5 Rgh8 30. Bf3 Be8 31. Qf4 c6 32. Rg5 Bd7 33. Be2 Kb7 34. b3 Qe7 35. Kb2 Be6 36. Qg3 Qe8 37. Rg1 1-0

[Event "Copenhagen Open-04 (Politiken Cup-03)"]
[Site "Copenhagen"]
[Date "1982.06.??"]
[Round "3"]
[White "Trepp, Markus"]
[Black "Wicker, Kevin J"]
[Result "0-1"]
[WhiteElo "2210"]
[BlackElo "2275"]
[PlyCount "80"]
[EventDate "1982.06.??"]
[EventType "swiss"]
[EventRounds "10"]
[EventCountry "DEN"]
[SourceTitle "EXT 2000"]
[Source "ChessBase"]
[SourceDate "1999.11.16"]
[SourceVersion "1"]
[SourceVersionDate "1999.11.16"]
[SourceQuality "1"]

1. e4 e6 2. d4 d5 3. Nd2 Ne7 4. Bd3 Nbc6 5. Ngf3 Ng6 6. 0-0 Be7 7. Re1 0-0 8. c3 Re8 9. Nf1 dxe4 10. Bxe4 f5 11. Bc2 Kh8 12. Ng3 Bf6 13. b3 e5 14. Nxf5 Bxf5 15. Bxf5 exd4 16. Bxg6 Rxe1+ 17. Nxe1 hxg6 18. c4 Qd7 19. Nd3 Re8 20. Bf4 Re7 21. Qf3 Qe8 22. h4 a5 23. a3 Qf7 24. Rc1 Be5 25. Nxe5 Nxe5 26. Bxe5 Qxf3 27. Bxg7+ Kxg7 28. gxf3 c5 29. b4 axb4 30. axb4 b6 31. bxc5 bxc5 32. Rb1 Kh6 33. Rb8 Re1+ 34. Kg2 Rc1 35. f4 Rxc4 36. Kf3 Rc3+ 37. Ke4 d3 38. Rd8 c4 39. Ke3 Rc2 40. f5 gxf5 0-1

[Event "Copenhagen Open-04 (Politiken Cup-03)"]
[Site "Copenhagen"]
[Date "1982.06.??"]
[Round "5"]
[White "Wicker, Kevin J"]
[Black "Van Mil, Johan"]
[Result "1-0"]
[WhiteElo "2275"]
[BlackElo "2315"]
[PlyCount "55"]
[EventDate "1982.06.??"]
[EventType "swiss"]
[EventRounds "10"]
[EventCountry "DEN"]
[SourceTitle "EXT 2000"]
[Source "ChessBase"]
[SourceDate "1999.11.16"]
[SourceVersion "1"]
[SourceVersionDate "1999.11.16"]
[SourceQuality "1"]

1. e4 c5 2. Nf3 d6 3. Bb5+ Nd7 4. 0-0 Ngf6 5. Re1 g6 6. d4 cxd4 7. e5 dxe5 8. Nxe5 Bg7 9. Qxd4 0-0 10. Nc3 Nxe5 11. Qxe5 Ng4 12. Qxe7 Qb6 13. Be3 Nxe3 14. Qxe3 Bd4 15. Qe2 Be6 16. a4 Rac8 17. Ne4 Bxb2 18. Rab1 Qd4 19. c4 Ba3 20. Rbd1 Qb2 21. Qe3 Be7 22. Qxa7 Rc7 23. c5 Qe5 24. Rc1 Bd5 25. Nc3 Qg5 26. Nxd5 Qxd5 27. c6 Rfc8 28. cxb7 1-0

[Event "Copenhagen-ch"]
[Site "Copenhagen"]
[Date "1982.01.29"]
[Round "7"]
[White "Wicker, Kevin J"]
[Black "Hartung Nielsen, Jens"]
[Result "1-0"]
[WhiteElo "2275"]
[BlackElo "2240"]
[PlyCount "69"]
[EventDate "1982.01.04"]
[EventType "tourn"]
[EventRounds "9"]
[EventCountry "DEN"]
[SourceTitle "EXT 2023"]
[Source "ChessBase"]
[SourceDate "2022.10.05"]
[SourceVersion "1"]
[SourceVersionDate "2022.10.05"]
[SourceQuality "1"]

1. e4 c5 2. Nf3 d6 3. Bb5+ Bd7 4. a4 Nc6 5. 0-0 Nf6 6. Re1 e5 7. Nc3 Be7 8. Nd5 0-0 9. c3 Nxd5 10. exd5 Nb8 11. d4 exd4 12. cxd4 b6 13. dxc5 bxc5 14. Bd3 Re8 15. Qc2 g6 16. Bf4 Bf8 17. Nd2 Rxe1+ 18. Rxe1 Qa5 19. Qc1 Na6 20. Ne4 Bg7 21. b3 Nb4 22. Bc4 Na2 23. Qd2 Qxd2 24. Bxd2 Be5 25. Nxc5 Bf5 26. g4 Bxg4 27. Rxe5 dxe5 28. b4 Nxb4 29. Bxb4 Rb8 30. Bb5 Rd8 31. Ne4 Kg7 32. d6 Bd7 33. Ba5 Bxb5 34. Bxd8 Bxa4 35. Bf6+ 1-0

[Event "Copenhagen-ch"]
[Site "Copenhagen"]
[Date "1982.01.04"]
[Round "1"]
[White "Wicker, Kevin J"]
[Black "Sorensen, Henrik"]
[Result "1/2-1/2"]
[WhiteElo "2275"]
[BlackElo "2235"]
[PlyCount "82"]
[EventDate "1982.01.04"]
[EventType "tourn"]
[EventRounds "9"]
[EventCountry "DEN"]
[SourceTitle "EXT 2023"]
[Source "ChessBase"]
[SourceDate "2022.10.05"]
[SourceVersion "1"]
[SourceVersionDate "2022.10.05"]
[SourceQuality "1"]

1. e4 c6 2. d4 d5 3. exd5 cxd5 4. Bd3 Nc6 5. c3 g6 6. h3 Bg7 7. Nf3 Nh6 8. 0-0 0-0 9. Re1 f6 10. Bf1 Nf7 11. Na3 e5 12. dxe5 fxe5 13. Nc2 Bf5 14. Ne3 Be6 15. Ng4 Bxg4 16. hxg4 e4 17. Nd4 Nxd4 18. cxd4 Ng5 19. Be3 Ne6 20. Re2 Rf7 21. Rd2 Ng5 22. Rc1 Bf8 23. Rdc2 Nf3+ 24. gxf3 exf3 25. Bh3 Qh4 26. Qf1 Bd6 27. Rc5 Bxc5 28. Rxc5 Re8 29. Rc3 Re4 30. g5 h6 31. gxh6 g5 32. Bc8 Qxh6 33. Qb5 Qd6 34. Kf1 a6 35. Qa5 g4 36. Rb3 g3 37. fxg3 Qxg3 38. Qd8+ Kh7 39. Bf5+ Kg7 40. Bh6+ Kxh6 41. Qh8+ Kg5 1/2-1/2

[Event "Esbjerg North Sea Cup-06 Group 2"]
[Site "Esbjerg"]
[Date "1981.07.??"]
[Round "11"]
[White "Fries Nielsen, Jens Ove"]
[Black "Wicker, Kevin J"]
[Result "1/2-1/2"]
[WhiteElo "2320"]
[BlackElo "2305"]
[PlyCount "38"]
[EventDate "1981.07.??"]
[EventType "tourn"]
[EventRounds "11"]
[EventCountry "DEN"]
[EventCategory "4"]
[SourceTitle "EXT 2000"]
[Source "ChessBase"]
[SourceDate "1999.11.16"]
[SourceVersion "1"]
[SourceVersionDate "1999.11.16"]
[SourceQuality "1"]

1. e4 e6 2. d4 d5 3. Nc3 Bb4 4. exd5 exd5 5. Bd3 Nc6 6. Nge2 Nge7 7. 0-0 0-0 8. Bg5 f6 9. Bf4 Bf5 10. Ng3 Bxc3 11. Nxf5 Bxb2 12. Rb1 Bxd4 13. Nxd4 Nxd4 14. Rxb7 Ne6 15. Bg3 Qd7 16. Bb5 Qc8 17. Ba6 Qd7 18. Bb5 Qc8 19. Ba6 Qd7 1/2-1/2

[Event "Copenhagen Open-03 (Politiken Cup-02)"]
[Site "Copenhagen"]
[Date "1981.06.28"]
[Round "8"]
[White "Wicker, Kevin J"]
[Black "Nykopp, Jan Michael F"]
[Result "1-0"]
[WhiteElo "2305"]
[BlackElo "2260"]
[PlyCount "101"]
[EventDate "1981.06.20"]
[EventType "swiss"]
[EventRounds "10"]
[EventCountry "DEN"]
[SourceTitle "EXT 2000"]
[Source "ChessBase"]
[SourceDate "1999.11.16"]
[SourceVersion "1"]
[SourceVersionDate "1999.11.16"]
[SourceQuality "1"]

1. d4 Nf6 2. Bg5 Ne4 3. Bf4 d5 4. Nd2 Bf5 5. e3 e6 6. Ne2 Bd6 7. Ng3 Bxf4 8. exf4 Qd6 9. Nxf5 exf5 10. f3 Nf6 11. Qe2+ Kd8 12. 0-0-0 Qxf4 13. Qe5 Qxe5 14. dxe5 Nfd7 15. Nb3 c6 16. c4 dxc4 17. Bxc4 Ke7 18. Rhe1 b5 19. e6 Ne5 20. Bf1 f6 21. f4 Ng4 22. Nd4 g6 23. Nxc6+ Nxc6 24. Rd7+ Kf8 25. Rf7+ Kg8 26. Rc7 Nd4 27. Rd7 Rc8+ 28. Kb1 Nc2 29. Rc1 Nge3 30. Bxb5 Re8 31. Ba4 h5 32. Rxa7 Rb8 33. Bxc2 Nxc2 34. Rxc2 Rh7 35. Rxh7 Kxh7 36. Rc7+ Kh6 37. Rf7 h4 38. Rxf6 Re8 39. g3 h3 40. a4 Kg7 41. Rf7+ Kg8 42. Rc7 Rxe6 43. a5 Kf8 44. b4 Ke8 45. b5 Kd8 46. b6 Re4 47. Rc2 Re1+ 48. Kb2 Re7 49. a6 Re6 50. b7 Rb6+ 51. Kc1 1-0

[Event "Copenhagen Open-03 (Politiken Cup-02)"]
[Site "Copenhagen"]
[Date "1981.06.20"]
[Round "1"]
[White "Wicker, Kevin J"]
[Black "Kirov, Nino"]
[Result "1/2-1/2"]
[WhiteElo "2305"]
[BlackElo "2475"]
[PlyCount "41"]
[EventDate "1981.06.20"]
[EventType "swiss"]
[EventRounds "10"]
[EventCountry "DEN"]
[SourceTitle "EXT 2000"]
[Source "ChessBase"]
[SourceDate "1999.11.16"]
[SourceVersion "1"]
[SourceVersionDate "1999.11.16"]
[SourceQuality "1"]

1. d4 d5 2. c4 c6 3. Nc3 Nf6 4. Nf3 dxc4 5. a4 Bf5 6. e3 e6 7. Bxc4 Bb4 8. 0-0 0-0 9. Na2 Bd6 10. b4 Nbd7 11. Bb2 Nb6 12. Be2 Nbd5 13. b5 Rc8 14. Rc1 Qa5 15. bxc6 Rxc6 16. Rxc6 bxc6 17. Nd2 Nb6 18. Nb3 Qxa4 19. Nc3 Qb4 20. Na2 Qa4 21. Nc3 1/2-1/2